01051 2200205 4500001002100000005001500021035002000036245007700056100001800133250001700151300002800168700001900196260003500215082000800250084001400258020002200272650002100294520051700315500001300832INLIS00000000000082020241113120413 a0010-11240000431 aEnsiklopedia IPA SD :bLingkungan Hidup /cDiah Rahmatia, Pipit Pitriana0 aDiah Rahmatia aCetakan Ke-1 a30 hlm :bIlus ;c32 cm0 aPipit Pitriana aJakarta :bGaneca Exact,c2006 a503 a503 DIA e a978-979-744-687-5 4aEnsiklopedia IPA aPara siswa dituntut untuk mengetahui lingkungan tempat mereka hidup, baik lingkungan tempat tinggal maupun lingkungan sekolah. Selain itu, para siswa harus pula memahami lingkungan yang lebih luas. Misalnya, lingkungan pantai, laut, hutan, atau gurun. Lingkungan lain yang perlu diketahui adalah hutan, danau, sungai, dan kutub. Pengetahuan mengenai lingkungan tersebut akan memperkaya wawasan para siswa yang kemudian diharapkan mampu membangkitkan keinginan untuk mempelajari lingkungan hidup lebih dalam lagi. aSeri IPA